[Event "Gelsenkirchen Koenigsspringer op"]
[Site "Gelsenkirchen"]
[Date "2019.12.29"]
[Round "5"]
[White "Kasprowski, Henryk"]
[Black "Broszeit, Peter"]
[Result "1/2-1/2"]
[WhiteElo "1696"]
[BlackElo "1943"]
[PlyCount "51"]
[EventDate "2019.12.27"]
[EventType "swiss"]
[EventRounds "7"]
[EventCountry "GER"]
[SourceTitle "CBM 194 Extra"]
[Source "ChessBase"]
[SourceDate "2020.03.31"]
[SourceVersion "1"]
[SourceVersionDate "2020.03.31"]
[SourceQuality "1"]

1. d4 e6 2. Bf4 f5 3. Nf3 Nf6 4. e3 Be7 5. Bd3 0-0 6. c3 b6 7. Nbd2 Bb7 8. Qc2 d5 9. Ne5 Nbd7 10. Ndf3 Nxe5 11. Nxe5 Nd7 12. g4 Nxe5 13. Bxe5 Qd7 14. gxf5 exf5 15. 0-0-0 Bd6 16. Bxd6 cxd6 17. Rdg1 Bc6 18. Rg5 g6 19. Rhg1 Kh8 20. Qb1 Bb5 21. Bc2 Rf6 22. Kd2 Rg8 23. f4 Qe6 24. h4 Be8 25. h5 Rgf8 26. R1g3 1/2-1/2

[Event "Gelsenkirchen Koenigsspringer op"]
[Site "Gelsenkirchen"]
[Date "2019.12.27"]
[Round "2"]
[White "Broszeit, Peter"]
[Black "Koscielski, Janusch"]
[Result "1/2-1/2"]
[WhiteElo "1943"]
[BlackElo "2279"]
[PlyCount "99"]
[EventDate "2019.12.27"]
[EventType "swiss"]
[EventRounds "7"]
[EventCountry "GER"]
[SourceTitle "CBM 194 Extra"]
[Source "ChessBase"]
[SourceDate "2020.03.31"]
[SourceVersion "1"]
[SourceVersionDate "2020.03.31"]
[SourceQuality "1"]

1. e4 c5 2. Nf3 d6 3. Bb5+ Nd7 4. d4 Ngf6 5. 0-0 cxd4 6. Qxd4 e5 7. Qd3 h6 8. Nc3 Be7 9. Be3 0-0 10. Rad1 Qc7 11. Qc4 Qd8 12. Qe2 a6 13. Ba4 b5 14. Bb3 Bb7 15. Bc1 Rc8 16. Nd5 Nxd5 17. Bxd5 Bxd5 18. Rxd5 Qc7 19. c3 Qb7 20. Re1 f5 21. Rdd1 fxe4 22. Qxe4 Qxe4 23. Rxe4 Nf6 24. Re2 g5 25. h3 Rc6 26. Nd2 Rfc8 27. Ne4 Nxe4 28. Rxe4 Rc4 29. Rde1 Bf6 30. Rxc4 Rxc4 31. Rd1 Be7 32. f3 Kf7 33. Kf2 Ke6 34. Ke2 d5 35. Kd3 Bf6 36. Re1 h5 37. Bd2 Rc8 38. a4 g4 39. hxg4 hxg4 40. axb5 axb5 41. Ra1 gxf3 42. gxf3 Rh8 43. Ra6+ Kf5 44. Rb6 Rh3 45. Rxb5 Rxf3+ 46. Ke2 Rh3 47. Rxd5 Rh2+ 48. Kd3 Ke6 49. Rb5 Rg2 50. c4 1/2-1/2

[Event "Ruhrgebiet Verbandsliga Gruppe 1 1819"]
[Site "Nordrheinwestfalen"]
[Date "2018.12.02"]
[Round "4.3"]
[White "Broszeit, Peter"]
[Black "Boehm, Ingo"]
[Result "1/2-1/2"]
[WhiteElo "1906"]
[BlackElo "2036"]
[PlyCount "27"]
[EventDate "2018.09.23"]
[EventType "team-tourn"]
[EventRounds "9"]
[EventCountry "GER"]
[SourceTitle "EXT 2022"]
[Source "ChessBase"]
[SourceDate "2021.10.06"]
[SourceVersion "1"]
[SourceVersionDate "2021.10.06"]
[SourceQuality "1"]
[WhiteTeam "Erkenschwick II"]
[BlackTeam "Bochum-Linden"]
[WhiteTeamCountry "GER"]
[BlackTeamCountry "GER"]

1. e4 g6 2. d4 d6 3. Nc3 Nf6 4. a3 Bg7 5. f4 0-0 6. Nf3 Na6 7. e5 Nd7 8. Bc4 Nb6 9. Ba2 c5 10. Be3 cxd4 11. Bxd4 Nc5 12. 0-0 Qc7 13. exd6 Qxd6 14. Bxg7 1/2-1/2

[Event "Ruhrgebiet Verbandsliga Gruppe 1 1718"]
[Site "Germany"]
[Date "2018.02.04"]
[Round "6"]
[White "Broszeit, Peter"]
[Black "Gorainow, Nikita"]
[Result "1/2-1/2"]
[WhiteElo "1907"]
[BlackElo "1912"]
[PlyCount "64"]
[EventDate "2017.09.17"]
[EventType "team-tourn"]
[EventRounds "9"]
[EventCountry "GER"]
[SourceTitle "EXT 2022"]
[Source "ChessBase"]
[SourceDate "2021.10.06"]
[SourceVersion "1"]
[SourceVersionDate "2021.10.06"]
[SourceQuality "1"]
[WhiteTeam "Erkenschwick II"]
[BlackTeam "Essen Katernberg III"]
[WhiteTeamCountry "GER"]
[BlackTeamCountry "GER"]

1. d4 f5 2. Nf3 Nf6 3. g3 g6 4. Bg2 Bg7 5. 0-0 0-0 6. c4 d6 7. Nc3 Nc6 8. d5 Ne5 9. Nxe5 dxe5 10. e4 Ne8 11. b4 f4 12. g4 a6 13. Bb2 Qd6 14. c5 Qf6 15. Bf3 Qh4 16. Kg2 Nf6 17. h3 h5 18. Rh1 hxg4 19. Bxg4 Nxg4 20. hxg4 Qxg4+ 21. Qxg4 Bxg4 22. f3 Bd7 23. a4 Kf7 24. Nd1 Rh8 25. Rxh8 Rxh8 26. Nf2 c6 27. Nd3 Rh5 28. Re1 cxd5 29. exd5 Bxa4 30. Bxe5 Bb5 31. Bxg7 Bxd3 32. Be5 Rf5 1/2-1/2

[Event "GER-chT Betriebe 17th"]
[Site "Berlin"]
[Date "2017.11.05"]
[Round "7.2"]
[White "Broszeit, Peter"]
[Black "Bohnhoff, Peter"]
[Result "0-1"]
[WhiteElo "1950"]
[BlackElo "2042"]
[PlyCount "86"]
[EventDate "2017.11.02"]
[EventType "team-swiss"]
[EventRounds "7"]
[EventCountry "GER"]
[SourceTitle "EXT 2020"]
[Source "ChessBase"]
[SourceDate "2019.10.17"]
[SourceVersion "1"]
[SourceVersionDate "2019.10.17"]
[SourceQuality "1"]
[WhiteTeam "Essen RWE"]
[BlackTeam "Muenchen EPA"]
[WhiteTeamCountry "GER"]
[BlackTeamCountry "GER"]

1. e4 e5 2. Bc4 Nf6 3. d4 Nxe4 4. dxe5 Nc5 5. Nf3 Be7 6. Nc3 0-0 7. 0-0 d6 8. Nd5 dxe5 9. Nxe7+ Qxe7 10. Bg5 Qe8 11. Re1 Be6 12. Bxe6 Nxe6 13. Qd5 Nxg5 14. Nxg5 Nc6 15. Rad1 Rd8 16. Qe4 g6 17. Qh4 h5 18. f4 Rxd1 19. Rxd1 exf4 20. Qxf4 Qe5 21. Qxe5 Nxe5 22. h3 Re8 23. Kf2 f6 24. Ne4 Kf7 25. b3 Re7 26. Nc5 c6 27. Nd3 Ke6 28. Nxe5 fxe5 29. Ke3 Rd7 30. Rf1 Rf7 31. Rd1 Rd7 32. Rf1 Rf7 33. Rd1 h4 34. Rd2 Rf5 35. Rd8 Rg5 36. Kf2 Rg3 37. Rd2 Rc3 38. Ke2 Rg3 39. Kf2 Rc3 40. Ke2 Kf5 41. Kf2 a5 42. Ke2 e4 43. Kf2 e3+ 0-1

[Event "GER-chT Betriebe 17th"]
[Site "Berlin"]
[Date "2017.11.03"]
[Round "3.2"]
[White "Broszeit, Peter"]
[Black "Heinrich, Thomas"]
[Result "0-1"]
[WhiteElo "1950"]
[BlackElo "2215"]
[PlyCount "70"]
[EventDate "2017.11.02"]
[EventType "team-swiss"]
[EventRounds "7"]
[EventCountry "GER"]
[SourceTitle "EXT 2020"]
[Source "ChessBase"]
[SourceDate "2019.10.17"]
[SourceVersion "1"]
[SourceVersionDate "2019.10.17"]
[SourceQuality "1"]
[WhiteTeam "Essen RWE"]
[BlackTeam "Leipzig Publishing Services"]
[WhiteTeamCountry "GER"]
[BlackTeamCountry "GER"]

1. e4 Nf6 2. e5 Nd5 3. d4 d6 4. exd6 exd6 5. c4 Nb6 6. Nc3 Be7 7. Be3 0-0 8. Nf3 Bg4 9. h3 Bh5 10. Be2 Nc6 11. c5 Bxf3 12. Bxf3 Nc4 13. 0-0 Nxe3 14. fxe3 dxc5 15. Nd5 cxd4 16. exd4 Bd6 17. Qd3 Qh4 18. Be4 Rae8 19. Nc3 Nb4 20. Qf3 c6 21. Rad1 f5 22. Bb1 g6 23. a3 Na6 24. d5 Bc5+ 25. Kh1 Re3 26. Qf4 Qxf4 27. Rxf4 Rd8 28. Rff1 Nb8 29. dxc6 Nxc6 30. Rxd8+ Nxd8 31. Rd1 Nc6 32. Rd7 f4 33. Ba2+ Kf8 34. Nd5 Re1+ 35. Kh2 Bf2 0-1

[Event "Ruhrgebiet Verbandsklasse 1617 Aufstieg"]
[Site "Germany"]
[Date "2017.07.02"]
[Round "3"]
[White "Khess, Igor"]
[Black "Broszeit, Peter"]
[Result "0-1"]
[WhiteElo "1958"]
[BlackElo "1863"]
[PlyCount "104"]
[EventDate "2017.05.28"]
[EventType "team-tourn"]
[EventRounds "3"]
[EventCountry "GER"]
[SourceTitle "EXT 2022"]
[Source "ChessBase"]
[SourceDate "2021.10.06"]
[SourceVersion "1"]
[SourceVersionDate "2021.10.06"]
[SourceQuality "1"]
[WhiteTeam "Dortmund FS"]
[BlackTeam "Erkenschwick II"]
[WhiteTeamCountry "GER"]
[BlackTeamCountry "GER"]

1. e4 e6 2. d4 d5 3. e5 c5 4. Qg4 f5 5. Qh5+ g6 6. Qd1 cxd4 7. Qxd4 Nc6 8. Bb5 Bd7 9. Bxc6 bxc6 10. c3 c5 11. Qd1 Qb6 12. f4 Ne7 13. Nf3 Nc6 14. Na3 c4 15. Nc2 Bc5 16. Qd2 a5 17. Ke2 0-0-0 18. Rd1 h6 19. Kf1 g5 20. fxg5 hxg5 21. Qxg5 Rdg8 22. Qd2 Be8 23. Ncd4 Bxd4 24. cxd4 Bh5 25. a3 Bxf3 26. gxf3 Nxe5 27. Qe2 Nd3 28. Be3 f4 29. Bg1 Rxg1+ 30. Kxg1 Qxd4+ 31. Kf1 Kd7 32. Rxd3 cxd3 33. Qg2 Rh7 34. Rd1 Kd6 35. Qg8 Rg7 36. Qd8+ Ke5 37. Re1+ Kf5 38. Qf8+ Qf6 39. Qd6 d2 40. Rd1 Qxb2 41. Qf8+ Qf6 42. Qxf6+ Kxf6 43. Rxd2 Rb7 44. Rd3 Ke5 45. h4 a4 46. Ke1 Rh7 47. Kd2 d4 48. Kc2 Rxh4 49. Rd2 Rh8 50. Rg2 Rc8+ 51. Kb2 Rb8+ 52. Ka2 d3 0-1

[Event "Ruhrgebiet Verbandsklasse Gruppe 3 1617"]
[Site "Germany"]
[Date "2017.01.29"]
[Round "6.3"]
[White "Riese, Manfred"]
[Black "Broszeit, Peter"]
[Result "1/2-1/2"]
[WhiteElo "1829"]
[BlackElo "1837"]
[PlyCount "68"]
[EventDate "2016.09.04"]
[EventType "team-tourn"]
[EventRounds "9"]
[EventCountry "GER"]
[SourceTitle "EXT 2022"]
[Source "ChessBase"]
[SourceDate "2021.10.06"]
[SourceVersion "1"]
[SourceVersionDate "2021.10.06"]
[SourceQuality "1"]
[WhiteTeam "Muelheim SC"]
[BlackTeam "Erkenschwick II"]
[WhiteTeamCountry "GER"]
[BlackTeamCountry "GER"]

1. c4 e6 2. g3 d5 3. Bg2 c5 4. Nf3 Nc6 5. 0-0 Nf6 6. b3 Be7 7. Bb2 0-0 8. e3 Qc7 9. Nc3 a6 10. Rc1 d4 11. exd4 cxd4 12. Na4 e5 13. d3 Bf5 14. a3 Nd7 15. b4 b5 16. cxb5 axb5 17. Nh4 Bxh4 18. Rxc6 Qb8 19. Nc5 Nxc5 20. Rxc5 Be7 21. Rc2 Ra7 22. Re1 Rc7 23. Qe2 Rxc2 24. Qxc2 Rc8 25. Qb3 Qd6 26. h3 Be6 27. Qd1 Bd5 28. Qe2 Bxg2 29. Kxg2 Qc6+ 30. Qf3 Bd6 31. g4 f6 32. Rc1 Qxf3+ 33. Kxf3 Rxc1 34. Bxc1 Kf7 1/2-1/2

[Event "Ruhrgebiet Verbandsklasse Gruppe 3 1617"]
[Site "Germany"]
[Date "2016.11.27"]
[Round "4.3"]
[White "Schmitz, Edgar"]
[Black "Broszeit, Peter"]
[Result "1-0"]
[WhiteElo "1865"]
[BlackElo "1815"]
[PlyCount "51"]
[EventDate "2016.09.04"]
[EventType "team-tourn"]
[EventRounds "9"]
[EventCountry "GER"]
[SourceTitle "EXT 2022"]
[Source "ChessBase"]
[SourceDate "2021.10.06"]
[SourceVersion "1"]
[SourceVersionDate "2021.10.06"]
[SourceQuality "1"]
[WhiteTeam "Katernberg SF IV"]
[BlackTeam "Erkenschwick II"]
[WhiteTeamCountry "GER"]
[BlackTeamCountry "GER"]

1. e4 e6 2. d4 d5 3. Nc3 Bb4 4. exd5 exd5 5. Bd3 Nc6 6. a3 Ba5 7. Nge2 Bg4 8. f3 Bh5 9. 0-0 Qd7 10. Ng3 Bg6 11. Nce2 0-0-0 12. c3 Nge7 13. a4 a6 14. b4 Bb6 15. b5 Ne5 16. Nf4 Bxd3 17. Nxd3 Nc4 18. Re1 Nf5 19. Ne5 Nxe5 20. Rxe5 Nxg3 21. hxg3 f6 22. Re2 axb5 23. axb5 Qxb5 24. Qe1 Kb8 25. Rea2 c6 26. Bf4+ 1-0

[Event "GER-chT Betriebe 16th"]
[Site "Dresden"]
[Date "2016.11.05"]
[Round "4.3"]
[White "Leveikina, Jevgenija"]
[Black "Broszeit, Peter"]
[Result "0-1"]
[WhiteElo "2116"]
[BlackElo "1970"]
[PlyCount "82"]
[EventDate "2016.11.03"]
[EventType "team-swiss"]
[EventRounds "7"]
[EventCountry "GER"]
[SourceTitle "EXT 2020"]
[Source "ChessBase"]
[SourceDate "2019.10.17"]
[SourceVersion "1"]
[SourceVersionDate "2019.10.17"]
[SourceQuality "1"]
[WhiteTeam "Herne Wanne Eickel EKJ"]
[BlackTeam "Essen RWE"]
[WhiteTeamCountry "GER"]
[BlackTeamCountry "GER"]

1. d4 Nf6 2. Nf3 c5 3. c3 d5 4. Bf4 Nc6 5. e3 Qb6 6. Qb3 c4 7. Qxb6 axb6 8. Na3 Bf5 9. Be2 e6 10. Nb5 Kd7 11. 0-0 Ra5 12. a4 Be7 13. Ne5+ Nxe5 14. dxe5 Ne4 15. Nd4 Rha8 16. f3 Nc5 17. e4 Bg6 18. b4 cxb3 19. Bb5+ Rxb5 20. axb5 Rxa1 21. Rxa1 b2 22. Rd1 Na4 23. Ne2 Bc5+ 24. Kf1 Kc8 25. exd5 exd5 26. Bd2 b1Q 27. Rxb1 Bxb1 28. Nf4 d4 29. cxd4 Bxd4 30. e6 fxe6 31. Nxe6 Bd3+ 32. Ke1 Bf6 33. Bg5 Nc5 34. Bxf6 gxf6 35. Nd4 Kd7 36. Kd2 Bf1 37. g3 Ne6 38. Nc2 Bxb5 39. Ne3 Bc6 40. Ng4 Ke7 41. f4 Bf3 0-1

[Event "GER-chT Betriebe 16th"]
[Site "Dresden"]
[Date "2016.11.03"]
[Round "1.3"]
[White "Broszeit, Peter"]
[Black "Achermann, Didier"]
[Result "1-0"]
[WhiteElo "1970"]
[BlackElo "1843"]
[PlyCount "61"]
[EventDate "2016.11.03"]
[EventType "team-swiss"]
[EventRounds "7"]
[EventCountry "GER"]
[SourceTitle "EXT 2020"]
[Source "ChessBase"]
[SourceDate "2019.10.17"]
[SourceVersion "1"]
[SourceVersionDate "2019.10.17"]
[SourceQuality "1"]
[WhiteTeam "Essen RWE"]
[BlackTeam "Muenchen Europ Patentamt II"]
[WhiteTeamCountry "GER"]
[BlackTeamCountry "GER"]

1. e4 c5 2. Nf3 d6 3. Bb5+ Bd7 4. Bxd7+ Qxd7 5. 0-0 Nf6 6. Qe2 Nc6 7. c3 e6 8. d4 cxd4 9. cxd4 Be7 10. Nc3 Qd8 11. d5 Ne5 12. Nxe5 dxe5 13. dxe6 fxe6 14. Qb5+ Qd7 15. Qxe5 0-0 16. Be3 Ng4 17. Qg3 Nxe3 18. Qxe3 Rfc8 19. Qe2 a6 20. g3 Bc5 21. Kg2 b5 22. a3 Qb7 23. Rfd1 Rc7 24. Rd3 Rac8 25. Rad1 Be7 26. Qg4 Qc6 27. Ne2 Bf6 28. Rd6 Qc4 29. Rxe6 Bxb2 30. Red6 Bf6 31. Rxf6 1-0

[Event "NRW Class2 0910"]
[Site "Germany"]
[Date "2010.03.21"]
[Round "8.8"]
[White "Tochtenhagen, Wolfgang"]
[Black "Broszeit, Peter"]
[Result "1-0"]
[WhiteElo "2117"]
[BlackElo "2100"]
[PlyCount "35"]
[EventDate "2009.09.20"]
[EventType "team-tourn"]
[EventRounds "9"]
[EventCountry "GER"]
[SourceTitle "EXT 2011"]
[Source "ChessBase"]
[SourceDate "2010.11.26"]
[SourceVersion "1"]
[SourceVersionDate "2010.11.26"]
[SourceQuality "1"]
[WhiteTeam "Aachen Aufwaerts"]
[BlackTeam "Erkenschwick"]
[WhiteTeamCountry "GER"]
[BlackTeamCountry "GER"]

1. e4 e5 2. Nf3 Nc6 3. Bb5 a6 4. Ba4 Nf6 5. 0-0 b5 6. Bb3 Be7 7. Re1 0-0 8. c3 d5 9. d4 dxe4 10. Nxe5 Nxe5 11. dxe5 Qxd1 12. Bxd1 Ng4 13. Rxe4 Rd8 14. Nd2 h5 15. h3 Bb7 16. Re1 Rd7 17. hxg4 Rad8 18. Bf3 1-0

[Event "Recklinghausen op 16th"]
[Site "Recklinghausen"]
[Date "2006.10.13"]
[Round "6"]
[White "Sandkamp, Ralph"]
[Black "Broszeit, Peter"]
[Result "1-0"]
[WhiteElo "2339"]
[BlackElo "2078"]
[PlyCount "35"]
[EventDate "2006.10.07"]
[EventType "swiss"]
[EventRounds "7"]
[EventCountry "GER"]
[SourceTitle "CBM 114 Extra"]
[Source "ChessBase"]
[SourceDate "2006.11.03"]
[SourceVersion "1"]
[SourceVersionDate "2006.11.03"]
[SourceQuality "1"]

1. e4 e6 2. d3 d5 3. Nd2 Nf6 4. Ngf3 Bc5 5. Be2 Bxf2+ 6. Kxf2 Ng4+ 7. Kg3 h5 8. h4 Rh6 9. Nf1 Rg6 10. Ng5 Qd6+ 11. Bf4 e5 12. Bc1 Nc6 13. Nh2 Nd4 14. Bxg4 hxg4 15. h5 Rxg5 16. Bxg5 f5 17. Nxg4 fxg4 18. h6 1-0

[Event "Recklinghausen op 16th"]
[Site "Recklinghausen"]
[Date "2006.10.10"]
[Round "2"]
[White "Broszeit, Peter"]
[Black "Kartsev, Soel"]
[Result "1-0"]
[WhiteElo "2078"]
[BlackElo "2232"]
[PlyCount "119"]
[EventDate "2006.10.07"]
[EventType "swiss"]
[EventRounds "7"]
[EventCountry "GER"]
[SourceTitle "CBM 114 Extra"]
[Source "ChessBase"]
[SourceDate "2006.11.03"]
[SourceVersion "1"]
[SourceVersionDate "2006.11.03"]
[SourceQuality "1"]

1. e4 c5 2. Nf3 d6 3. Bb5+ Bd7 4. Bxd7+ Qxd7 5. 0-0 Nc6 6. c3 g6 7. d4 cxd4 8. cxd4 Bg7 9. Nc3 Nh6 10. Bf4 Qg4 11. Qd2 Qh5 12. Ne2 Ng4 13. Ng3 Qa5 14. b4 Qxb4 15. h3 Qxd2 16. Bxd2 Nf6 17. Rab1 Rb8 18. Rfc1 Kd7 19. e5 Nd5 20. Ne4 h6 21. Rb5 Nc7 22. Rb3 Nd5 23. Rb5 f5 24. Nxd6 Nc7 25. Rxb7 exd6 26. d5 Rxb7 27. dxc6+ Kc8 28. cxb7+ Kxb7 29. exd6 Nb5 30. Ba5 Bf6 31. d7 g5 32. a4 Nd6 33. Rc7+ Ka6 34. Rc6+ Kxa5 35. Rxd6 Bd8 36. Ne5 Kxa4 37. Ra6+ Kb5 38. Rxa7 Rf8 39. Ra8 Kb6 40. Rc8 f4 41. Nc6 Rf7 42. Nxd8 Rxd7 43. Ne6 Rd1+ 44. Kh2 Rd2 45. f3 Rd6 46. Ng7 Rg6 47. Nh5 Rd6 48. Rf8 Kc5 49. Rf6 Rd5 50. Rxh6 Kd4 51. Nf6 Ra5 52. Ne4 g4 53. hxg4 Ra8 54. g5 Ke5 55. Kh3 Ra2 56. g6 Ke6 57. Rh5 Ra8 58. Rg5 Ke7 59. Kg4 Kf8 60. g7+ 1-0

[Event "Ruhrgebiet Regionalliga 0405"]
[Site "Ruhrgebiet"]
[Date "2005.02.27"]
[Round "7.7"]
[White "Broszeit, Peter"]
[Black "Traunecker, Thomas"]
[Result "1-0"]
[WhiteElo "1906"]
[BlackElo "1958"]
[PlyCount "70"]
[EventDate "2004.09.19"]
[EventType "team"]
[EventRounds "9"]
[EventCountry "GER"]
[SourceTitle "EXT 2006"]
[Source "ChessBase"]
[SourceDate "2005.11.24"]
[SourceVersion "1"]
[SourceVersionDate "2005.11.24"]
[SourceQuality "1"]
[WhiteTeam "Erkenschwick"]
[BlackTeam "Kamen"]
[WhiteTeamCountry "GER"]
[BlackTeamCountry "GER"]

1. e4 c5 2. Nf3 Nf6 3. e5 Nd5 4. c4 Nc7 5. d4 cxd4 6. Nxd4 d6 7. exd6 Qxd6 8. Nc3 e5 9. Ndb5 Nxb5 10. Nxb5 Qc6 11. Qd5 Bb4+ 12. Bd2 Bxd2+ 13. Kxd2 Qxd5+ 14. cxd5 Na6 15. Nd6+ Ke7 16. Ne4 Rd8 17. d6+ Kf8 18. Bxa6 bxa6 19. Rhd1 f5 20. Nc5 Rxd6+ 21. Ke3 Rxd1 22. Rxd1 Ke7 23. Rd5 e4 24. Kd4 Be6 25. Re5 Rd8+ 26. Ke3 Rd6 27. Nxe6 Kf6 28. Kf4 g6 29. Ng5 h6 30. Nh7+ Kf7 31. Rc5 Ke6 32. Rc7 Rd3 33. Nf8+ Kf6 34. Nd7+ Ke7 35. Ne5+ Kd6 1-0

[Event "Ruhrgebiet Regionalliga 0304"]
[Site "Ruhrgebiet"]
[Date "2003.12.14"]
[Round "4.8"]
[White "Broszeit, Peter"]
[Black "Roitburd, Marina"]
[Result "1/2-1/2"]
[WhiteElo "1980"]
[BlackElo "2016"]
[PlyCount "73"]
[EventDate "2003.10.05"]
[EventType "team"]
[EventRounds "9"]
[EventCountry "GER"]
[SourceTitle "EXT 2007"]
[Source "ChessBase"]
[SourceDate "2006.11.23"]
[SourceVersion "1"]
[SourceVersionDate "2006.11.23"]
[SourceQuality "1"]
[WhiteTeam "Erkenschwick"]
[BlackTeam "Muelheim Nord II"]
[WhiteTeamCountry "GER"]
[BlackTeamCountry "GER"]

1. e4 c5 2. Nf3 e6 3. d3 d5 4. Nbd2 Nc6 5. g3 Bd6 6. Bg2 Nge7 7. 0-0 0-0 8. Re1 f6 9. Nf1 d4 10. c3 e5 11. Nh4 Qc7 12. c4 a6 13. g4 Be6 14. Ng3 b5 15. b3 Rab8 16. Nhf5 a5 17. h4 a4 18. Qd2 Ng6 19. Nh5 Rf7 20. Rf1 Nce7 21. f4 exf4 22. Nxd6 Qxd6 23. Nxf4 Bxg4 24. h5 Ne5 25. cxb5 Rxb5 26. bxa4 Rb8 27. Ba3 N7c6 28. Rab1 Rxb1 29. Rxb1 Nf3+ 30. Bxf3 Bxf3 31. Kf2 Bxh5 32. Rb5 Ne5 33. Bxc5 Ng4+ 34. Kg1 Qc7 35. Bb6 Qd6 36. Rxh5 Qxb6 37. a5 1/2-1/2

[Event "Regionalliga NO 9899"]
[Site "Bayern"]
[Date "1999.??.??"]
[Round "5.6"]
[White "Broszeit, Peter"]
[Black "Hoffmann, Ayar"]
[Result "1/2-1/2"]
[WhiteElo "2080"]
[BlackElo "1960"]
[PlyCount "34"]
[EventDate "1998.??.??"]
[EventType "team-tourn"]
[EventRounds "9"]
[EventCountry "GER"]
[SourceTitle "EXT 2020"]
[Source "ChessBase"]
[SourceDate "2019.10.17"]
[SourceVersion "1"]
[SourceVersionDate "2019.10.17"]
[SourceQuality "1"]
[WhiteTeam "Amberg SG Siemens"]
[BlackTeam "Regensburg DJK II"]
[WhiteTeamCountry "GER"]
[BlackTeamCountry "GER"]

1. e4 e5 2. Bc4 d6 3. d4 exd4 4. Nf3 Nf6 5. 0-0 Be7 6. c3 0-0 7. Re1 dxc3 8. Nxc3 Ng4 9. Bf4 Nc6 10. Bd5 Nge5 11. h3 Bf6 12. Rc1 Ng6 13. Bg3 Nce5 14. Nd4 Bg5 15. Rc2 c6 16. Bb3 Bf4 17. Nf5 Bxg3 1/2-1/2